[Event "Cappelle op 28th"]
[Site "Cappelle la Grande"]
[Date "2012.03.10"]
[Round "9"]
[White "Ramirez Alvarez, Alejandro"]
[Black "Neverov, Valeriy"]
[Result "1-0"]
[WhiteElo "2591"]
[BlackElo "2544"]
[Annotator "Ramirez Alvarez,A"]
[PlyCount "100"]
[EventDate "2012.03.03"]
[EventType "swiss"]
[EventRounds "9"]
[EventCountry "FRA"]
[SourceTitle "CBM 147 Extra"]
[Source "ChessBase"]
[SourceDate "2012.04.24"]
[SourceVersion "1"]
[SourceVersionDate "2012.04.24"]
[SourceQuality "1"]

{This was the last round of the event. I had had a pretty good tournament but
by no means was it stellar. I wanted to win this game pretty badly.} 1. e4 c5
2. Nf3 d6 3. d4 cxd4 4. Nxd4 Nf6 5. Nc3 a6 6. Be2 g6 {I hadn't prepped too
hard for this game since it was in the morning, but I didn't know that Neverov
played this line of the Dragondorf. I decided to employ some really old
analysis I had studied.} 7. O-O Bg7 8. Bg5 Nc6 9. Nb3 {The point of this setup
is that White will continue with Re1, Bf1, Nd5, pressuring the weak e7 pawn
while retaining a super solid position. This line is actually quite annoying.
My favourite way of playing as Black involves an early a5 followed by Be6xb3.
However tihs is obviously impossible due to the fact that Black played a
Najdorf first, so his pawn is already pushed to a6 which isn't necessarily all
that great.} b5 10. Re1 O-O (10... b4 11. Nd5 Nxe4 {was something I was
legitimately worried about during the game, but then when I found out I didn't
have to sacrifice anything it took me two seconds to realise this was
unplayable for Black.} 12. Bh4 $1 (12. Bxe7 Nxe7 13. Bf3 f5 14. Bxe4 fxe4 15.
Rxe4 Ra7 $17 {is not enough compensation}) (12. Bf3 Nxg5 $19 {doesn't come
close to working.}) (12. Be3 $5 {I thought this was quite strong.} Rb8 $8 (
12... O-O 13. Bf3 f5 14. Nb6 $16) 13. Nd4 $44) 12... g5 (12... O-O 13. Bf3 $16
{and Black's position is terrible.}) 13. Bf3 $40) 11. Bf1 {This is pretty much
'the' setup. Now Black has to actively do something or he will be positionally
smothered after Nd5.} h6 {A pretty important intermediate move.} (11... Bb7 12.
Nd5 Nd7 13. c3 $14) 12. Bh4 Bb7 (12... Nd7 {is definitely better, but I'm not
so sure about the continuation of 100% of the games.} 13. Rb1 (13. f4 $5 b4 14.
Na4 Nb6 15. Nxb6 Qxb6+ 16. Bf2 Qc7 17. Rb1 $13) 13... Nde5 14. Nd5 g5 15. Bg3 {
Apicella-Mamedov, 2011} e6 $13) 13. a4 b4 14. Nd5 g5 (14... Nh7 {is somewhat
of a ridiculous move.} 15. Rb1 g5 16. Bg3 e6 17. Ne3 $16 {Smirin-Gurevich 2008}
) 15. Bg3 Nd7 16. Ra2 {Surprisingly the first new move of the game, though I
wasn't aware of it. I put the rook here and not on b1 because I wanted to
support on b2 while supporting a5, which I play eventually. Though the rook
does look quite awkward.} e6 {Basically forced.} (16... Nde5 17. a5 $14 {
is already atrocious}) (16... Nc5 17. a5 Nxb3 18. cxb3 $14 {isn't exactly a
delight either}) (16... a5 $6 17. Ne3 {and Black will have huge problems with
that N going to f5.}) 17. Ne3 Nde5 18. a5 {White has a few targets - mainly d6
and b4. His position is solid but Black does have fantastic activity. The
chances should be about even.} Rc8 19. Qd2 Kh8 $6 {I didn't quite get this
move, but my opponent spent way too much time trying to figure out the opening
and was already in time pressure.} 20. Be2 {I liked this move, it controlled a
lot of important squares and it seemed overall useful.} (20. Rd1 Rc7 21. Qxd6
Rd7 22. Bxe5 Nxe5 23. Qxb4 Rxd1 24. Qxb7 $1 (24. Nxd1 Qxd1 25. Qxb7 Qxc2 {
was definitely not favourable for White.}) 24... Re1 {was something I quite
honestly did not even consider during the game. It seems very risky but the
computer deems it playable.} 25. Qxa6 g4 $1 {with the idea of ...Nf3+. Scary
stuff.}) 20... Rc7 21. f4 {My opponent was in a bit of time pressure so I
thought sharpening up the game couldn't hurt. Under other circumstances I
might have shuffled the pieces around for a bit.} (21. Rd1 Qc8 22. Ra4 $14 {
and it was also a better way to play.}) 21... gxf4 22. Bxf4 Ng6 $5 {Stuff gets
real after this} (22... Rg8 23. Rf1 Rd7 24. Bh5 $13 {was more along the lines
of what I expected.}) 23. Bxd6 (23. Bg3 {was fully playable, but I felt greedy.
}) 23... Rd7 24. Nc4 $1 (24. Rd1 Be5 25. Nc4 (25. Bxe5+ Ncxe5 26. Qe1 Qg5 $40 {
is definite compensation.}) 25... Rxd6 $1 26. Nxd6 Qh4 {seemed like a
perpetual.} 27. g3 Bxg3 28. hxg3 Qxg3+ 29. Kf1 Nf4 $19 {but the computer said
I was just lost. Honestly the perpetual was bad enough.}) 24... Nge5 (24... Qh4
{was an important alternative.} 25. Bd3 Rxd6 26. Nxd6 Be5 27. g3 Bxg3 28. hxg3
Qxg3+ 29. Kf1 Qxd6 30. Qxh6+ Kg8 31. Re3 $16 {Black has compensation, as
White's king is super exposed, but White should just be better.}) 25. Nxe5 Rxd6
26. Nxc6 Bxc6 (26... Rxd2 27. Nxd8 Rdxd8 28. Bd3 $14 {Black has compensation
due to his activity, strong pair of bishops and multitude of targets. But
White is up a pawn, a long struggle in which all results are possible is ahead,
but I'll take White.}) 27. Qf4 (27. Qxb4 Qh4 {I thought was too dangerous.} (
27... Be5 $1 $36 {is even stronger})) 27... f5 $2 {Quite the mistake. Black
allows White to close the game too much. The pressure on g2 is nothing but an
illusion.} (27... e5 28. Qe3 f5 29. Nc5 $13 {still keeps the game very
interesting.} (29. Bd3 $5)) 28. e5 Rd5 (28... Rd7 29. Raa1 Rg8 30. Bf1 $14) 29.
Bxa6 (29. Bf3 $2 Rxe5 $1 {A pretty tactical stroke that my opponent had
prepared.} 30. Rxe5 Bxf3 31. Ra1 (31. Re1 Be4 {with a lot of compensation.})
31... Qc7 $13) 29... Rd1 30. Ra1 Rxa1 31. Rxa1 Qd5 $6 (31... Bxg2 32. Kxg2 Qa8+
33. Kh3 Qxa6 34. Nd4 $14 {is not the safest for White but it is a full pawn
and a passed one at that. White's better.}) 32. Bf1 {White is now up two pawns
(since e5 is taboo) and is beginning to consolidate.} Rg8 (32... Qxe5 33. Qxe5
Bxe5 34. Re1 Be4 35. Bd3 $18) (32... Bxe5 33. Qxh6+ Kg8 34. Qg6+ Kh8 35. Re1
$18) 33. Re1 Bf8 34. Re2 Qd1 35. Qd2 {Solid, but there was no reason not to
push the a-pawn.} (35. a6 {And Black doesn't have too many threats}) 35... Qb1
36. Nd4 Bd5 37. Re1 (37. Nxf5 Bc5+ 38. Nd4 {was pretty uncomfortable.}) 37...
Qxb2 38. Nxf5 b3 (38... exf5 39. Qxd5 $18) 39. Ne7 {This is the blow I had
prepared when I played Re1.} Qxc2 $6 (39... bxc2 40. Nxd5 exd5 41. Rc1 $16) 40.
Qxc2 bxc2 41. Nxg8 $18 {The end of time pressure, but the rest is nothing but
a clean up. The best Black can do is trade his c-pawn for a full rook, but
that still leaves him two pawns down.} Be4 42. Nf6 Bb4 43. Rc1 Bd2 44. Rxc2
Bxc2 45. a6 Bc3 46. Kh1 Bd4 47. Bc4 Kg7 48. Bxe6 Bd3 49. Bc8 Bb5 50. Bb7 Kf7 {
My opponent forfeited on time in a clearly lost position. A wild game for sure,
and I was nervous at points, but I always thought I had it under control.} 1-0

[Event "Linares Anibal op 04th"]
[Site "Linares"]
[Date "1997.??.??"]
[Round "7"]
[White "Escobar Forero, Alder"]
[Black "San Segundo Carrillo, Pablo"]
[Result "1/2-1/2"]
[WhiteElo "2330"]
[BlackElo "2505"]
[Annotator "Rechlis,G"]
[PlyCount "62"]
[EventDate "1997.02.??"]
[EventType "swiss"]
[EventRounds "10"]
[EventCountry "ESP"]
[SourceTitle "CBM 058"]
[Source "ChessBase"]
[SourceDate "1997.06.01"]
[SourceVersion "1"]
[SourceVersionDate "1997.06.01"]
[SourceQuality "1"]

1. e4 c5 2. Nf3 d6 3. d4 cxd4 4. Nxd4 Nf6 5. Nc3 Nc6 6. Nb3 $6 g6 $6 {White's
sixth move is inaccurate and black could exploit it by choosing one of the
many Sicilian variation where white's last move is just a waste of time . It's
funny to notice that black chooses maybe the only variation where Nb3 is one
of the main lines !} (6... e6) (6... a6) (6... e5) (6... a5) 7. Bg5 Bg7 8. Qd2
$6 {Deviating again from the main line !} (8. Be2 $142) 8... h6 9. Bh4 g5 10.
Bg3 Nh5 11. O-O-O Bd7 (11... Be6 $142) 12. Be2 Nxg3 13. hxg3 a5 14. a4 Rc8 15.
f4 Nb4 16. e5 Qc7 $6 (16... Qb6 $17 17. Kb1 O-O $40) 17. Nd4 $1 Qc5 (17... dxe5
$5 18. Ndb5 Bxb5 19. Bxb5+ Kf8 20. fxg5 hxg5 21. Qxg5 $2 Na2+ $1 22. Kb1 Nxc3+
23. bxc3 Qxc3 $19) 18. Bb5 Bxb5 19. Ndxb5 O-O 20. fxg5 Qxe5 21. gxh6 Bf6 22.
Kb1 Kh8 $6 (22... d5 $1) 23. g4 Rg8 $6 (23... d5) 24. Rde1 $1 Qg5 $1 $13 25.
Qxg5 Bxg5 26. Ne4 Bf4 27. c3 Nd3 28. Rd1 Ne5 29. g3 Be3 30. Rd5 Rg6 31. Nbxd6
exd6 1/2-1/2

[Event "World Women-ch"]
[Site "Manila"]
[Date "1991.??.??"]
[Round "11"]
[White "Xie, Jun"]
[Black "Chiburdanidze, Maia"]
[Result "1-0"]
[WhiteElo "2465"]
[BlackElo "2495"]
[Annotator "Rogers,I"]
[PlyCount "67"]
[EventDate "1991.09.??"]
[EventType "match"]
[EventRounds "16"]
[EventCountry "PHI"]
[SourceTitle "CBM 026"]
[Source "ChessBase"]
[SourceDate "1992.02.01"]
[SourceVersion "1"]
[SourceVersionDate "1992.02.01"]
[SourceQuality "1"]

1. e4 c5 2. Nf3 d6 3. d4 cxd4 4. Nxd4 Nf6 5. Nc3 Nc6 6. Be2 g6 {A sensible
decision, transposing to a Dragon Sicilian at a time when White can no longer
employ the dreaded Yugoslav Attack (involving Be3, f3, Bc4, Qd2, 0-0-0 and a
pawn push on the kingside).} 7. Nb3 Bg7 8. O-O O-O 9. Bg5 $5 a6 $5 10. a4 Be6
11. Kh1 ({Preparing} 11. f4 {which if played immediately would have allowed} b5
$1) 11... h6 $6 {A sure sign of poor opening preparation - Chiburdanidze wants
to exchange into an endgame which is known to be dubious for Black.} ({After
sensible play such as} 11... Rc8 12. f4 Re8 $5 13. Bf3 Nd7 $1 {/\...Nb6-c4,
Black would have serious couterplay on the queenside.}) 12. Be3 $1 d5 $2 13.
exd5 Nxd5 14. Nxd5 Qxd5 $6 15. Nc5 $1 Bxb2 16. Qxd5 Bxd5 17. Rad1 Nb4 $2 (17...
Ba2 {was the only chance since Black could still fight after} 18. c4 ({or} 18.
Bxh6 Rfc8) 18... Bg7) 18. Nd7 $1 Bc6 ({Unfortunately} 18... Rfd8 {loses to} 19.
Nb6 Rab8 20. Bc5) 19. Nxf8 Rxf8 20. Bc5 $1 a5 (20... Nxc2 {walks into} 21. Rd2
{/\22.Bd1.}) 21. Bxe7 Re8 22. Rd8 Rxd8 23. Bxd8 Bxa4 24. Bxa5 Nc6 25. Rb1 Bd4
26. Bc7 Bxc2 27. Rxb7 {White's pieces combine extremely well here making the
technical process surprisingly easy.} Be4 (27... Bxf2 28. Bf3 Nd4 29. Be5 $1 g5
30. Bd5 {is a typical winning line.}) 28. Bc4 g5 29. f4 Kg7 30. Bd6 Nd8 31. Rd7
Bb6 32. Be5+ Kf8 33. fxg5 hxg5 34. Bf6 {[T] Here, with her position in ruins,
Chiburdanidze exceeded the time limit.} 1-0

[Event "Ciocaltea Memorial"]
[Site "Bucharest"]
[Date "1999.03.05"]
[Round "2"]
[White "Vukovic, Zdravko"]
[Black "Rogozenco, Dorian"]
[Result "0-1"]
[WhiteElo "2483"]
[BlackElo "2557"]
[Annotator "Rogozenco,D"]
[PlyCount "82"]
[EventDate "1999.03.04"]
[EventType "tourn"]
[EventRounds "13"]
[EventCountry "ROU"]
[EventCategory "10"]
[SourceTitle "CBM 070"]
[Source "ChessBase"]
[SourceDate "1999.06.08"]
[SourceVersion "1"]
[SourceVersionDate "1999.06.08"]
[SourceQuality "1"]

1. e4 c5 2. Nf3 d6 3. d4 cxd4 4. Nxd4 Nf6 5. Nc3 g6 6. Be2 Nc6 7. Nb3 Bg7 8.
O-O O-O 9. Re1 a6 10. Bf1 b5 11. Bg5 (11. Nd5 Nd7 12. c3 e6 13. Ne3 Nb6 14. Nd4
Bb7 $11) (11. a4 b4 12. Nd5 Nd7 13. a5 Rb8 $11) 11... h6 {I think if Black
plays this, then the plan should be connected somehow with g6-g5. Otherwise I
don´t see the sense of h7-h6.} (11... Nd7 12. Rb1 Nb6 13. Nd5 Re8 14. Be3 Nxd5
15. exd5 Ne5 16. Bd4 Bb7 17. f4 Nd7 18. Bxg7 Kxg7 19. Qd4+ Kg8 $11 {
Vukovici-Rogozenko,Bucharest 1998}) 12. Bh4 Nd7 {It´s probably always good to
play this first, then Bb7. It forces White to play Rb1, losing the possibility
of a2-a4.} (12... Bb7 13. a4 b4 14. Nd5 Nd7 15. Rb1 Nb6 16. Qd2 $13 {
Gelfand-Kramnik, Novgorod 1996}) 13. Rb1 Nb6 14. Nd5 Re8 $146 (14... g5 {
Looks more logical than the game.} 15. Bg3 Nc4 16. c3 e6 17. Ne3 N4e5 18. Qh5
Qf6 19. Rbd1 Rd8 $11 20. f4 $6 gxf4 21. Bh4 Qg6 22. Qxg6 fxg6 23. Bxd8 Nxd8 24.
Nc2 Nb7 25. Ncd4 Bd7 26. Nf3 Kf7 $15 {Khacian-Tukmakov, Erevan 1996}) 15. f4 $1
Bb7 16. c3 Rc8 17. Kh1 $14 {Now the move h7-h6 turns to be in White´s favour.}
Nb8 $5 {This unusual plan I found after a long thinking. With Black´s Knights
on d7 and b6 White must always consider Nd5 ed5 and the second Knight comes on
b6.} 18. Be2 $1 {The correct reaction.} N8d7 19. Bf3 Ba8 20. Qe2 $14 Rc4 $5 21.
Rbd1 Nxd5 22. exd5 g5 {Otherwise there was no much sense in Previous moves.}
23. Bf2 (23. Bg3 $1 gxf4 24. Bh4 {This is what I was most afraid of. White has
a very good compensation for the pawn. Light squares on Black´s kingside are
extremely weak and the Bishop on a8 is out of play. But Black has his
advantages too - an extra pawn and good controle over the dark squares.} Ne5
25. Nd4 $44) 23... Rxf4 24. Bg3 Rc4 25. Nd4 $2 (25. Bxd6 $8 g4 26. Bxg4 Rxg4
27. Bxe7 Qxe7 28. Qxe7 Rxe7 29. Rxe7 Nf6 30. Re5 $1 {This move was missed by
my oponent.} Bf8 31. Rf5 Kg7 $13 {During the game I was quite optimistic about
this position. Now I think that I overestimated it and the chances are about
equal.}) 25... Bxd4 $1 26. cxd4 Nf6 {The position changed completely. Black
has material and positional advantage. The worst thing for White is no
possibility for counterplay.} 27. h4 Qd7 $1 {With the idea 28...Qf5.} 28. b3
Rc7 29. hxg5 hxg5 30. Be4 Qg4 31. Qxg4 Nxg4 32. Bf5 Nf6 33. Rc1 Ra7 $1 {
Temporary defending the weaknesses - seventh rank and the pawn on a6.} 34. Re2
Bxd5 35. Be1 Kg7 36. Kg1 Rh8 37. Bd2 Rh5 $19 38. Rc8 e6 39. Bd3 Ra8 40. Rxa8
Bxa8 41. Bb4 Rh4 0-1

[Event "FIDE World Cup-B"]
[Site "Shenyang"]
[Date "2000.09.05"]
[Round "5"]
[White "Ye, Jiangchuan"]
[Black "Xu, Jun"]
[Result "1-0"]
[WhiteElo "2670"]
[BlackElo "2668"]
[Annotator "Rogozenco,D"]
[PlyCount "109"]
[EventDate "2000.09.01"]
[EventType "tourn"]
[EventRounds "5"]
[EventCountry "CHN"]
[EventCategory "17"]
[SourceTitle "CBM 079"]
[Source "ChessBase"]
[SourceDate "2000.11.21"]
[SourceVersion "1"]
[SourceVersionDate "2000.11.21"]
[SourceQuality "1"]

1. e4 c5 2. Nf3 d6 3. d4 cxd4 4. Nxd4 Nf6 5. Nc3 Nc6 6. g3 g6 7. Bg2 Nxd4 8.
Qxd4 Bg7 9. O-O O-O 10. Qb4 Qc7 11. Qb3 Be6 12. Nd5 Nxd5 13. exd5 Bf5 14. c3 b6
(14... Bf6 15. Be3 (15. Re1) 15... Rfc8 16. Rfd1 a5 17. a4 Qc4 18. Qxc4 Rxc4
19. Bf1 Rcc8 20. Rd2 h5 21. h4 Bd7 22. Ra3 $14 {1-0 Mokry,K-Banas,J/Trnava
1987/ (41)}) 15. Re1 Rfe8 16. Bf4 Rad8 17. Rad1 $14 Bf8 $6 18. Rd2 e5 $6 19.
dxe6 Bxe6 20. Qa4 $16 {The plan with Bf8 and e5 is doubtful and leads to a
position with lasting advantage for White.} Bd7 21. Qd1 Rxe1+ 22. Qxe1 Be6 23.
a3 b5 24. Qe2 Bc4 25. Qd1 a5 26. h4 h5 27. Rd4 Qb6 28. Bf3 {Black is paralized
and White plays for a while without a clear plan. He is out of danger anyway,
so the next 14 moves does not change the position.} Be6 29. Be3 Qb8 30. Bg5 Rc8
31. Bf4 Rd8 32. Qd2 Qb6 33. Be3 Qc7 34. Bg5 Re8 35. Bf4 Rd8 36. Be2 Qc6 37. Bf1
Qb6 38. Be3 Qb8 39. Bg5 Re8 40. Bf4 Rd8 41. Be2 Qb6 42. Bh6 {Finally White
rightly decides to swap dark-squared Bishops. After that the King will become
more vulnerable and Black should consider also a possible sac on g6 later.}
Bxh6 43. Qxh6 Qc5 44. Bd3 Bf5 $2 {White has a considerable positional
advantage, but this mistake leads to a lost Rooks endgame for Black.} (44...
Re8 {Trying to complicate things.} 45. Qg5 $1 $16 {After this precise move
Black has a difficult position, but still it was better than the game.} (45.
Bxg6 $6 {White reaches nothing with this sac:} fxg6 46. Qxg6+ Kf8 47. Rf4+ (47.
Qf6+ Bf7 (47... Kg8)) 47... Ke7) (45. Re4 $5 Bd7 (45... Qd5 46. Qe3 $14) 46.
Rxe8+ Bxe8 $14) (45. Rf4 $2 Bd5 $1 $19 46. Kf1 Qc8 $1 47. g4 Qe6 48. Kg1 Qe1+
49. Bf1 Re3 $3 {/\50... Rg3+ 51. Kh2 Rh3+!})) 45. Qg5 $18 Re8 (45... Rd7 46.
Bxf5 Qxf5 47. Qxf5 gxf5 48. Rd5 $18) 46. Bxf5 Qxf5 47. Qxf5 Re1+ 48. Kg2 gxf5
49. Rxd6 Re2 50. b4 a4 51. Rd5 Ra2 52. Rxf5 Rxa3 53. Rxh5 Rxc3 54. Rxb5 Rb3 55.
Rb8+ 1-0

[Event "Leon-B"]
[Site "Leon"]
[Date "1996.??.??"]
[Round "2"]
[White "Vallejo Pons, Francisco"]
[Black "Danailov, Silvio"]
[Result "1-0"]
[WhiteElo "2355"]
[BlackElo "2455"]
[Annotator "Romero Holmes"]
[PlyCount "67"]
[EventDate "1996.06.??"]
[EventType "tourn"]
[EventRounds "9"]
[EventCountry "ESP"]
[EventCategory "9"]
[SourceTitle "CBM 054"]
[Source "ChessBase"]
[SourceDate "1996.10.01"]
[SourceVersion "1"]
[SourceVersionDate "1996.10.01"]
[SourceQuality "1"]

1. e4 {Johnson,M} c5 2. Nc3 Nc6 3. Nge2 g6 4. d4 cxd4 5. Nxd4 Bg7 6. Nde2 d6 7.
g3 Nf6 8. Bg2 O-O 9. O-O Rb8 10. a4 a6 11. Nd5 Nd7 (11... b5 {Johnson,M} 12.
axb5 axb5 13. Bg5 Nd7 14. Qc1 Re8 15. Rd1 Nc5 16. Bh6 Bh8 17. b4 Bxa1 18. Qxa1
Ne6 19. Ndf4 Ne5 20. Nxe6 Bxe6 21. f4 Qb6+ 22. Kh1 Ra8 23. Qc3 Rec8 24. Qd2 Ng4
25. Nd4 Ra2 26. f5 Rcxc2 27. Nxc2 Nf2+ 28. Qxf2 Qxf2 29. Ne3 Bc4 30. e5 gxf5
31. exd6 exd6 32. Rg1 Re2 33. Nd1 {0-1 Ivanov,A-Ernst,T/Gausdal 1991}) 12. c3
b5 13. axb5 axb5 14. Nd4 Nde5 (14... Nxd4 {Johnson,M} 15. cxd4 e6 16. Nb4 Bb7
$10) 15. Be3 (15. f4 {Johnson,M} Nxd4 16. fxe5 Nc6 17. exd6 Qxd6 18. Nf6+ Kh8
19. Qxd6 exd6 $14) 15... e6 (15... Nc4 16. Bg5) 16. Nb4 $1 {Maybe unexpected
but very logical move. The doubled pawns are not disadvantageus because White
obtains more columns ( the opening of the c column is a nice compensation )
and have a good pressure against d6.} (16. f4 {Johnson,M} exd5 $1 17. fxe5 Nxe5
18. exd5 Nc4 19. Bc1 Re8 20. b3 Ne3 21. Bxe3 Rxe3 22. Qd2 Bxd4 23. Qxd4 Qb6 24.
Qxb6 Rxb6 $10) 16... Nxb4 17. cxb4 Bd7 18. b3 $1 Nc6 19. Qd2 $1 (19. Nxc6 Bxc6
20. Ra6 Qd7 $15) 19... Nxd4 (19... Rc8 {Johnson,M}) 20. Bxd4 Bxd4 21. Qxd4 Rb6
$6 {I feel this a dubious move. It s too passive. After this move black queen
is out fo play. The activ move} (21... Qb6 22. Rfd1 e5 $1 23. Qxd6 Qxd6 24.
Rxd6 Be6 {The bishop comes to it s best square and Black can fight for the d
column. We give some examples of black possibilities.} 25. Ra3 (25. Rd3 Rfd8
26. Bf1 (26. Rad1 Rxd3 27. Rxd3 Rc8 28. Bf1 Rc1 29. Kg2 Re1 30. Re3 (30. f3 Rb1
31. Rc3 Rb2+ 32. Kg1 Bxb3 (32... Rb1 33. Kf2 Rb2+) 33. Bxb5 Be6 34. Rc5 Bh3 (
34... f6 35. Bc4 Bxc4 36. Rxc4 h5 37. Rc8+ Kg7 38. Rb8 $14) 35. Rxe5 Rg2+ 36.
Kh1 Rb2 $10) 30... Rxe3 31. fxe3 Bd7) 26... Rxd3 27. Bxd3 Bxb3 28. Rc1 Rd8 $1)
(25. Ra5 Bxb3 26. Bf1 Bc4) 25... Rfd8 26. Rxd8+ Rxd8 27. Bf1 Rd4 28. Bxb5 Rxb4)
22. Ra7 (22. f4 $5 {Maybe is more logical.}) 22... e5 23. Qe3 Rc6 (23... Bc6
24. f4 Qb8 25. Ra2 {and White maintain a clear initiative in the king side,
with the black queen far from the defense.}) (23... Bc6 {Johnson,M}) 24. f4
exf4 25. gxf4 Rc2 $2 {Black needs to avoid White attack trying to exchange
queens. For this reason it was necessary to play} (25... Bc8 26. e5 $5 Qb6 27.
Qxb6 Rxb6 28. Bd5 $1 Be6 (28... dxe5 29. fxe5 Be6 30. Rf6 $1 {Thanks to this
resource, White will win the seventh rank for both rooks.} Rd8 31. Bxe6 fxe6
32. Rff7 $16) 29. Bxe6 fxe6 30. Rc1 Rf7 31. Rxf7 Kxf7 32. Rc7+ Kg8 33. Kf2 {
and White is better.}) 26. f5 gxf5 27. exf5 Bc6 $6 (27... Kh8 $8 28. Kh1 $1 Re8
(28... Rg8 29. Qd4+ f6 30. Be4 Bc6 31. Bxc6 Rxc6 32. Rxh7+ Kxh7 33. Qh4+ $18)
29. Qh6 Rg8 30. Bd5 Qe7 31. Rxd7 $1) 28. Bxc6 Rxc6 29. Qh6 Kh8 (29... Qb6+ 30.
Kh1 Qxa7 31. f6) 30. Kh1 {This move decides the game} Rc2 31. Rg1 Rg8 32. Rxg8+
Kxg8 33. f6 Qf8 34. Qxf8+ 1-0